000 00322nam a22001337a 4500
008 170516b xxu||||| |||| 00| 0 eng d
020 _a9789280811056
041 _aeng
080 _a94(4)
100 _a16
101 _aSHH
245 _aTRANSFORMATION CITIES CENTRAL EASTERN EUROPE
_cHAMILTON.F.E
942 _2udc
_cBK
999 _c13361
_d13361